Lí thuyết điều khiển tự động; T1

Kaydedildi:
Detaylı Bibliyografya
Yazar: Phạm Công Ngô
Materyal Türü: Kitap
Dil:Undetermined
Baskı/Yayın Bilgisi: Hà Nội KHKT 1994
Konular:
Etiketler: Etiketle
Etiket eklenmemiş, İlk siz ekleyin!
Thư viện lưu trữ: Trung tâm Học liệu Trường Đại học Cần Thơ
LEADER 00504nam a2200169Ia 4500
001 CTU_24981
008 210402s9999 xx 000 0 und d
082 |a 629.8 
082 |b Ng450 
100 |a Phạm Công Ngô 
245 0 |a Lí thuyết điều khiển tự động; T1 
245 0 |c Phạm Công Ngô 
260 |a Hà Nội 
260 |b KHKT 
260 |c 1994 
650 |a automatic control,automation,control theory 
980 |a Trung tâm Học liệu Trường Đại học Cần Thơ